000 00822nam a2200181 a 4500
008 130321s1997 ||||||||||||||||| || u
020 _a9781868259229
050 _aQK 491.A3 Van
100 _avan Wyk, Piet
245 1 0 _aField guide to trees of Southern Africa
_cby Braam van Wyk and Piet van Wyk
260 _aCape Town:
_bStruik Nature
_c1997
300 _a536p. : ill.
650 _aTREES--AFRICA, SOUTHERN--IDENTIFICATION
650 _aTREES--AFRICA--HANDBOOKS, MANUALS, ETC
700 _avan Wyk, Abraham (Braam)
995 _aMAIN LIBRARY OPEN ACCESS
_e743567
_FCBU-MAIN LIBRARY (Kitwe)
_jQK 491.A3 Van
_M1
_UAVAILABLE
_WApr 29, 2013
_y743567
_ZMain Library Open Access Collection
995 _aSHORT LOAN BOOKS
_e743568
_FCBU-MAIN LIBRARY (Kitwe)
_jQK 491.A3 Van
_M2
_UAVAILABLE
_WApr 29, 2013
_y743568
_ZShort Loan Collection
999 _c63021
_d63021